वलय (Record no. 633406)

MARC details
000 -LEADER
fixed length control field 00430nam a2200181Ia 4500
008 - FIXED-LENGTH DATA ELEMENTS--GENERAL INFORMATION
fixed length control field 100917s9999 xx 000 0 und d
082 ## - DEWEY DECIMAL CLASSIFICATION NUMBER
Item number 28012
100 ## - MAIN ENTRY--PERSONAL NAME
Personal name काळे व. पु.
245 ## - TITLE STATEMENT
Title वलय
260 ## - PUBLICATION, DISTRIBUTION, ETC. (IMPRINT)
Name of publisher, distributor, etc भारतीय ग्रंथ भवन
Date of publication, distribution, etc 1966
300 ## - PHYSICAL DESCRIPTION
Extent 186
365 ## - TRADE PRICE
Price amount 5
520 ## - SUMMARY, ETC.
Summary, etc कथा
630 ## - SUBJECT ADDED ENTRY--UNIFORM TITLE
Uniform title वलय
650 ## - SUBJECT ADDED ENTRY--TOPICAL TERM
Topical term or geographic name as entry element कथा
730 ## - ADDED ENTRY--UNIFORM TITLE
Uniform title वलय
942 ## - ADDED ENTRY ELEMENTS (KOHA)
Koha item type Book
Holdings
Withdrawn status Lost status Damaged status Not for loan Home library Current library Shelving location Date acquired Cost, normal purchase price Total Checkouts Barcode Date last seen Price effective from Koha item type Public note
        Pune Marathi Grantha Sangrahalaya Pune Marathi Grantha Sangrahalaya   09/17/2010 5.00   PUNMGS-28012 09/17/2010 09/17/2010 Book रद्द